| Tag |
First Indicator |
Second Indicator |
Subfields |
| LEADER |
00000cam a2200000 4500 |
| 001 |
in00000044174 |
| 005 |
20151007071014.0 |
| 008 |
750717s1936 enka 00010 eng u |
| 010 |
|
|
|a 36011217
|
| 035 |
|
|
|a (OCoLC)01457307
|
| 035 |
|
|
|9 AAE5136AM
|
| 040 |
|
|
|c DZM
|d TXA
|d UtOrBLW
|
| 049 |
|
|
|a TXAM
|c [64184]
|
| 050 |
0 |
0 |
|a QC6
|b .S83 1936
|
| 082 |
0 |
|
|a 530.1
|
| 092 |
|
|
|a 530.1
|b S844i2
|
| 100 |
1 |
|
|a Stevens, Blamey.
|
| 245 |
1 |
4 |
|a The identity theory /
|c by Blamey Stevens.
|
| 250 |
|
|
|a 2d ed., rev. and amplified.
|
| 264 |
|
1 |
|a Manchester, Eng. :
|b Sherratt & Hughes,
|c 1936.
|
| 300 |
|
|
|a xvi, 243 pages, 9 unnumbered pages :
|b diagrams ;
|c 22 cm.
|
| 336 |
|
|
|a text
|b txt
|2 rdacontent
|
| 337 |
|
|
|a unmediated
|b n
|2 rdamedia
|
| 338 |
|
|
|a volume
|b nc
|2 rdacarrier
|
| 500 |
|
|
|a Blank pages for "Corrigenda" ([4] at end)
|
| 650 |
|
0 |
|a Physics
|x Philosophy.
|
| 999 |
|
|
|a MARS
|
| 999 |
f |
f |
|s 7c4fa5ff-de1d-3c83-b512-f41a518aa24d
|i 98feff77-6419-3220-8807-9262a108a6d6
|t 0
|
| 952 |
f |
f |
|p normal
|a Texas A&M University
|b College Station
|c Sterling C. Evans Library
|d Evans: Library Stacks
|t 0
|e QC6 .S83 1936
|h Library of Congress classification
|i unmediated -- volume
|m A14800909120
|
| 998 |
f |
f |
|a QC6 .S83 1936
|t 0
|l Evans: Library Stacks
|